Country Compass - Switzerland - Statistics

General Stats
  • This quiz has been taken 17 times
  • The average score is 14 of 17
Answer Stats
Answer % Correct
Italy
100%
Spain
93%
Bulgaria
87%
Greece
87%
Norway
87%
Poland
87%
Sweden
87%
Ukraine
87%
United Kingdom
87%
Albania
80%
Algeria
80%
Romania
80%
Belarus
73%
Ireland
73%
North Macedonia
73%
Russia (Kaliningrad)
73%
Tunisia
73%
No matching quizzes found
Score Distribution
Percent of People with Each Score
Percentile by Number Answered
Your Score History
You have not taken this quiz